000 00331nam a22001457a 4500
008 230831b ||||| |||| 00| 0 eng d
020 _a9780521436250
041 _aeng
080 _a94
082 _a94MUS
100 _a26
101 _aHISTORY
245 _aCOMMON SENSE SCIENCE AND SCEPTICISM
_cMUSGRAVE .A
942 _2udc
_cBK
999 _c60227
_d60227